000 002390000a22000970004500
100 1 _aMilován, Guillermo
245 1 0 _aLos curiosos
300 _aVol. 57, Núm 260 (2002), Páginas 8-10
773 0 _tLa Biblia de las Américas
942 _cANA
999 _c51706
_d51706